Country Capital to Flag - Statistics

General Stats
  • This quiz has been taken 41 times
  • The average score is 17 of 18
Answer Stats
Question Answer % Correct
Rabat
100%
Tallin
100%
Asunción
100%
Moscow
100%
Honiara
100%
Bangkok
100%
Maputo
100%
Algiers
100%
Havana
100%
Baghdad
100%
Ottawa
100%
Kiev
100%
Port Moresby
100%
Caracas
100%
Athens
100%
Madrid
80%
Monaco
80%
Antananarivo
60%
No matching quizzes found
Score Distribution
Percent of People with Each Score
Percentile by Number Answered
Your Score History
You have not taken this quiz